000 00580nam a2200193Ia 4500
005 20250508154012.0
008 008 250505s9999 xx 000 0 eng d
037 _aTextual
040 _aFEDL
_beng
_cFEDL
041 _aeng
_2eng
084 _a330.954, GHO
_qFEDL
100 _aGhosh Alak
245 0 _aIndian economy its nature and problems : A new look Indian economics
260 _aCalcutta, India
_bThe World Press Private Limited
_c1963
300 _axxiii,581p.
650 _aEconomics
942 _cTEXL
_h330.954, GHO
999 _c1346953
_d1346953